Movies Quiz

Random Movies or Clickable Quiz

Johnny Depp Needs A Job Quiz Stats

 Plays Quiz Updated Feb 26, 2014

Challenge
Share
Tweet
Embed
Score 0/29 Timer 07:00
6 Plays Today
% Correct
Pirate
92%
Candy Manufacterer
90.7%
Barber
82.9%
Astronaut
77.6%
Hair Stylist (Topiary Artist)
76%
U.S. Private
74.1%
Vampire
71.9%
Drug Dealer
70.6%
Writer
69.3%
Gangster
62.3%
Student
60%
Film Director
53.4%
Writer
48.2%
FBI Undercover Agent
46.1%
Gonzo Journalist
43.7%
% Correct
Greaser
41.2%
Police Constable
41%
Gonzo Journalist
39.5%
Grocer
34%
Scotland Yard Inspector
32.3%
CIA Agent
28.8%
River Drifter
28.2%
Book Dealer
28.2%
Accountant
25.4%
Poet
24.6%
Mental Patient
23%
College Teacher (Thief)
19.3%
Accountant
14.6%
Dept. of Fish and Game Employee
14.6%

You're not logged in!

Compare scores with friends on all Sporcle quizzes.
OR
Log In

You Might Also Like...

Show Comments

Extras

Top Quizzes Today


Score Distribution

Your Account Isn't Verified!

In order to create a playlist on Sporcle, you need to verify the email address you used during registration. Go to your Sporcle Settings to finish the process.

Report this User

Report this user for behavior that violates our Community Guidelines.

Details: